[Event "North Bay op"]
[Site "North Bay"]
[Date "1995.??.??"]
[Round "?"]
[White "Polgar, Zsuzsa"]
[Black "Dougherty, Michael"]
[Result "1/2-1/2"]
[WhiteElo "2545"]
[BlackElo "2225"]
[PlyCount "55"]
[EventDate "1995.??.??"]
[EventType "swiss"]
[EventRounds "9"]
[EventCountry "CAN"]
[Source "ChessBase"]
[SourceDate "2001.11.25"]

1. d4 g6 2. c4 Bg7 3. Nf3 c5 4. e4 cxd4 5. Nxd4 Nc6 6. Be3 Nf6 7. Nc3 Ng4 8.
Qxg4 Nxd4 9. Qd1 Ne6 10. Rc1 d6 11. Be2 Bd7 12. Qd2 Qa5 13. b3 Bc6 14. f3 g5
15. Nd5 Qxd2+ 16. Kxd2 b6 17. h4 h6 18. g3 Kd7 19. f4 gxf4 20. gxf4 Nc5 21. Bf3
e6 22. b4 Na4 23. b5 Bb7 24. Nb4 Rac8 25. Rc2 Nc5 26. Bxc5 bxc5 27. Nd3 f5 28.
Re1 1/2-1/2

[Event "North Bay op"]
[Site "North Bay"]
[Date "1995.??.??"]
[Round "?"]
[White "Polgar, Zsuzsa"]
[Black "Hartman, Brian"]
[Result "1/2-1/2"]
[WhiteElo "2545"]
[BlackElo "2400"]
[PlyCount "56"]
[EventDate "1995.??.??"]
[EventType "swiss"]
[EventRounds "9"]
[EventCountry "CAN"]
[Source "ChessBase"]
[SourceDate "2001.11.25"]

1. d4 Nf6 2. Nf3 c5 3. d5 g6 4. Nc3 Bg7 5. e4 d6 6. Bb5+ Nfd7 7. a4 O-O 8. O-O
Na6 9. Re1 Nc7 10. Bf1 a6 11. Bf4 Rb8 12. e5 dxe5 13. Nxe5 Nxe5 14. Bxe5 Bxe5
15. Rxe5 b5 16. axb5 axb5 17. Qd2 b4 18. Na4 Qd6 19. Rae1 Bd7 20. b3 Bxa4 21.
bxa4 e6 22. Qh6 Nxd5 23. Bc4 Nf6 24. Qg5 Kg7 25. Rxc5 h6 26. Qe5 Qxe5 27. Rcxe5
Rfc8 28. Bb3 Nd5 1/2-1/2

[Event "North Bay op"]
[Site "North Bay"]
[Date "1995.??.??"]
[Round "?"]
[White "Polgar, Zsuzsa"]
[Black "Littke, Adam"]
[Result "1-0"]
[WhiteElo "2545"]
[BlackElo "2300"]
[PlyCount "143"]
[EventDate "1995.??.??"]
[EventType "swiss"]
[EventRounds "9"]
[EventCountry "CAN"]
[Source "ChessBase"]
[SourceDate "2001.11.25"]

1. d4 Nf6 2. Nf3 e6 3. e3 c5 4. Bd3 b6 5. c4 Bb7 6. O-O Be7 7. Nc3 O-O 8. d5
exd5 9. cxd5 d6 10. e4 Nbd7 11. h3 a6 12. a4 Re8 13. Bf4 Bf8 14. Re1 Qc7 15. b3
g6 16. Rc1 Bg7 17. Bh2 Rad8 18. Bf1 Re7 19. Nd2 Ne8 20. Kh1 Bd4 21. Bg3 Ng7 22.
Nc4 Ne5 23. Ne2 Nxc4 24. Nxd4 Ne5 25. Bh4 Rde8 26. Bxe7 Qxe7 27. Nf3 Nh5 28.
Nxe5 Qxe5 29. Qd2 Nf6 30. Bd3 g5 31. g3 g4 32. h4 Nd7 33. Bf1 Qf6 34. Bg2 Ne5
35. Re3 h5 36. Rc2 Rc8 37. Rec3 a5 38. Kh2 Ba6 39. Qf4 Kg7 40. Qxf6+ Kxf6 41.
f4 gxf3 42. Bxf3 Rh8 43. Rf2 Kg6 44. Be2 Bc8 45. Rc1 Kg7 46. Rcf1 Rh6 47. Kg2
Bd7 48. Rf4 Bc8 49. Rf5 Bxf5 50. Rxf5 f6 51. Rxh5 Rxh5 52. Bxh5 c4 53. bxc4
Nxc4 54. Be2 Nd2 55. Bd3 Nb3 56. Kf3 Nc5 57. Bb5 Kg6 58. Kf4 Kh6 59. g4 Kg7 60.
g5 Nb3 61. h5 Nd4 62. h6+ Kh7 63. gxf6 Kxh6 64. Bd3 Kg6 65. e5+ Kf7 66. Ke4
dxe5 67. Kxe5 Nf3+ 68. Kd6 Kxf6 69. Kc7 Ne5 70. Bb5 Nf7 71. d6 Ng5 72. Bc4 1-0

[Event "Candidates (Women) final"]
[Site "St Petersburg"]
[Date "1995.??.??"]
[Round "1"]
[White "Polgar, Zsuzsa"]
[Black "Chiburdanidze, Maia"]
[Result "1/2-1/2"]
[WhiteElo "2545"]
[BlackElo "2520"]
[Annotator "Ftacnik,L"]
[PlyCount "49"]
[EventDate "1995.03.??"]
[EventType "match"]
[EventRounds "7"]
[EventCountry "RUS"]
[Source "ChessBase"]
[SourceDate "1995.06.01"]

1. d4 d5 2. c4 e6 3. Nf3 Nf6 4. Bg5 Be7 5. Nc3 O-O 6. e3 h6 7. Bf4 (7. Bh4)
7... c5 $1 8. dxc5 Bxc5 9. cxd5 Nxd5 10. Nxd5 exd5 11. Bd3 Bb4+ 12. Ke2 Nc6 13.
Bc2 (13. a3 Bd6) 13... Re8 14. Qd3 Qf6 15. Rhd1 (15. a3 g5 $1 16. Bg3 Bd6 17.
Bxd6 Qxd6 18. Nd4 Nxd4+ 19. Qxd4 b6 $132) 15... Bg4 16. Qh7+ Kf8 17. a3 (17.
Rxd5 Qxb2 (17... Qxf4 $2 18. Qh8+ Ke7 19. Qxe8+ Rxe8 20. exf4 $18) 18. Rb1 $13)
17... g5 18. Bg3 (18. axb4 gxf4 $15) 18... Bd6 19. Kf1 Bxg3 20. hxg3 Bxf3 21.
gxf3 Rxe3 $1 (21... d4 22. exd4 (22. e4 $2 Ne5) (22. Be4 dxe3 23. fxe3 Ne5 $40)
22... Nxd4 23. Be4 Rad8 24. Rd3 $10) 22. fxe3 Qxf3+ 23. Kg1 Qxg3+ 24. Kh1 Qh3+
25. Kg1 1/2-1/2

[Event "Candidates (Women) final"]
[Site "St Petersburg"]
[Date "1995.??.??"]
[Round "2"]
[White "Chiburdanidze, Maia"]
[Black "Polgar, Zsuzsa"]
[Result "1/2-1/2"]
[WhiteElo "2520"]
[BlackElo "2545"]
[Annotator "Polgar,Zsu"]
[PlyCount "108"]
[EventDate "1995.03.??"]
[EventType "match"]
[EventRounds "7"]
[EventCountry "RUS"]
[Source "ChessBase"]
[SourceDate "1995.06.01"]

1. d4 {Ftacnik} Nf6 2. Nf3 g6 3. c4 Bg7 4. g3 O-O 5. Bg2 d6 6. O-O Nbd7 7. Qc2
e5 8. Rd1 Re8 9. Nc3 exd4 $6 (9... c6) (9... e4 $5 10. Ng5 e3 $13) 10. Nxd4 c6
11. Bf4 $5 $14 (11. e4 $14) (11. b3 $14) 11... Qe7 $6 (11... Ne5 12. c5 d5 $132
) 12. Nxc6 $1 (12. e4 $14) 12... bxc6 13. Bxc6 Ba6 (13... Rb8 14. Bxd6 Qe6 15.
Bxb8 Qxc6 16. Bxa7 Ne5 (16... Bb7 17. f3 (17. Nd5 $2 Nxd5 18. Rxd5 Nf6 $17 19.
e4 Rxe4) 17... Qxc4 18. Bd4 $14) 17. Qa4 $1 $14 (17. c5 Bb7 18. f3 Nxf3+ $1 19.
exf3 Qxf3) (17. b3 Bb7 18. Nd5 (18. f3 Nxf3+ 19. exf3 Qxf3 20. Nd5 Re2 $19)
18... Nxd5 19. Rxd5 Nxc4 20. Rad1 Nb2 $17)) 14. Qa4 $1 Nc5 15. Qa3 Bb7 (15...
Rad8 $2 16. b4 $16) 16. Bxd6 Qe6 17. Qxc5 (17. Bxe8 $1 Qh3 $2 (17... Nce4 $1
$36) 18. Nd5 $1 $16 (18. f3 Rxe8 (18... Ng4 $2 19. Bxf7+ Kxf7 20. Qxc5 Qxh2+
21. Kf1 Qh1+ 22. Qg1 Ne3+ 23. Kf2 Nxd1+ 24. Rxd1 $18) 19. Qxc5 Ng4 20. e4 Qxh2+
21. Kf1 Qh1+ 22. Ke2 Qg2+ 23. Kd3 Nf2+ $1 24. Ke3 Bxe4 25. fxe4 Nxe4 $19) 18...
Ng4 (18... Rxe8 19. Bf4) 19. Bxf7+ Kh8 20. Qf3 Ne4 21. Qg2 Qxg2+ 22. Kxg2 Nxd6
23. Be6 $16) 17... Rac8 18. Bxb7 $1 (18. Bd5 $1 {Ftacnik} Nxd5 19. cxd5 Qd7 20.
Qxa7 Ra8 21. Qc5 Rec8 22. Qb4 $16) 18... Rxc5 19. Bxc5 Qxc4 20. Bd4 (20. Bxa7
$2 Qc7) 20... Ng4 $1 21. Bd5 Qa6 $2 (21... Qb4 $1 22. Bxg7 Kxg7 23. Rab1 $1 $14
(23. Bb3 Qc5 24. Rf1 Qh5 $40) (23. Rd2 Qc5 24. Rf1 (24. e3 Rxe3 $1) 24... Ne3
$1 $10)) 22. Bxg7 Kxg7 23. Rd4 h5 (23... Nxf2 $2 24. Kxf2 Qf6+ 25. Rf4 Qb6+ 26.
Kf1 Qxb2 27. Rxf7+ Kh6 28. Rb1 Qxc3 29. Rbb7 $16) (23... Nf6 {Ftacnik} 24. Bb3
$16) 24. Rad1 $16 Re7 25. Bb3 Qb7 26. R1d2 Nf6 27. Nd5 $1 Nxd5 28. Rxd5 $6 (28.
Bxd5 $16) (28. Bxd5 {Ftacnik} Qb6 29. e4 $16) 28... Rc7 29. h3 Kh6 30. Kg2 Re7
31. e3 Qc6 32. R2d4 Qc1 33. Rd2 Qc6 34. g4 $6 (34. h4) 34... hxg4 35. hxg4 Re4
36. Kf3 Re7 37. Rc2 Qf6+ 38. Kg3 Qa6 {/\ Qf1} 39. Rc4 (39. g5+ $1 {Ftacnik} Kg7
40. Rc4 {/\ Rf4}) 39... f6 40. Rd8 Qb6 41. Rcd4 (41. Rh8+ Kg7 42. Rcc8 Rxe3+ $1
43. Kh2 (43. Kg2 Qb7+ 44. Kh2 (44. Kf1 Rxb3 $10) 44... Rh3+ $1 45. Kxh3 Qf3+
$10) 43... Re8 $1 $10) (41. Rcc8 {Ftacnik} Rxe3+ $1 42. fxe3 Qxe3+ $10) 41...
Qc7+ 42. Kg2 Qc6+ 43. Bd5 $2 Qc2 44. Bf3 (44. b4 Rxe3) 44... Qxb2 45. Rh8+ Kg5
(45... Kg7 $1 46. Rdd8 Qxa2 47. Rh1 (47. Bd5 Qxd5+ $10) 47... Qa5 $1 48. Rhh8
$10 (48. Rdh8 $2 Kf7 $17)) 46. Kg3 Qc1 (46... Qc3 $5) 47. Rd5+ f5 (47... Re5 $4
48. Bd1 $1 $18) 48. gxf5 Qg1+ 49. Bg2 Rxe3+ $1 (49... Qe1 50. Kf3 gxf5 51. Rg8+
Kh6 52. Rxf5 $14) 50. fxe3 Qxe3+ 51. Bf3 (51. Kh2 {Ftacnik} Qf4+ 52. Kg1 Qe3+
53. Kf1 Qc1+ 54. Ke2 Qb2+ 55. Kf3 Qxh8) 51... Qg1+ 52. Bg2 (52. Kh3 Kf4 53.
Rh4+ Kxf3 54. Rd3+ Ke2 55. Rg3 Qh1+ 56. Kg4 Qe4+ $10) 52... Qe3+ 53. Kh2 Qf4+
54. Kg1 Qe3+ {(2.49-2.47)} (54... Qc1+ $2 55. Bf1 Qe3+ 56. Kh1 Qf3+ 57. Bg2 $18
) 1/2-1/2

[Event "Candidates (Women) final"]
[Site "St Petersburg"]
[Date "1995.??.??"]
[Round "3"]
[White "Polgar, Zsuzsa"]
[Black "Chiburdanidze, Maia"]
[Result "1-0"]
[WhiteElo "2545"]
[BlackElo "2520"]
[Annotator "Ftacnik,L"]
[PlyCount "61"]
[EventDate "1995.03.??"]
[EventType "match"]
[EventRounds "7"]
[EventCountry "RUS"]
[Source "ChessBase"]
[SourceDate "1995.06.01"]

1. d4 d5 2. c4 e6 3. Nf3 Nf6 4. Nc3 Be7 5. Bg5 h6 6. Bxf6 Bxf6 7. e3 O-O 8. Qd2
Nc6 (8... c5 $5 9. cxd5 (9. dxc5 dxc4) 9... cxd4 10. Nxd4 exd5 11. Bb5 (11. Be2
Nc6) 11... Nc6 $5 12. Bxc6 bxc6 13. Nxc6 Qd6 14. Nd4 Ba6 $44) 9. Rc1 a6 10. Be2
dxc4 11. Bxc4 e5 12. d5 Na7 13. Qc2 Nb5 14. Nxb5 axb5 15. Bb3 Bg4 16. Nd2 Rc8
$2 (16... c5 $1 17. Qe4 (17. dxc6 bxc6 18. Qe4 (18. Ne4 Be7 19. O-O Rc8 20. Nc5
Bxc5 21. Qxc5 Qf6 $10) (18. O-O c5 $1) 18... Bd7 $10) 17... Qc8 18. d6 Ra6 $1
$13) 17. Qd3 c6 18. d6 Re8 19. O-O e4 20. Nxe4 Bf5 $6 (20... Bxb2 21. Rc2 Bf5 (
21... Be5 $4 22. f4) 22. Bxf7+ $1 Kxf7 23. d7 Bxe4 24. dxe8=Q+ Qxe8 25. Qb3+
Bd5 26. Qxb2 Qe4 27. f3 Qxe3+ 28. Kh1 Re8 $14) 21. d7 Bxe4 (21... Qxd7 22. Qxd7
Bxd7 23. Nd6 $16) (21... Bxd7 22. Nxf6+ gxf6 23. Qg6+ $18) 22. dxe8=Q+ Qxe8 23.
Qe2 Qe5 24. Rcd1 Rc7 (24... Qxb2 25. Qxb2 Bxb2 26. Rd7 c5 27. Bxf7+ Kh8 28. Bd5
Bxd5 29. Rxd5 c4 30. Rxb5 c3 31. g3 Ba3 32. Rb3 c2 33. Rxa3 c1=Q 34. Rxc1 Rxc1+
35. Kg2 $18) 25. Rd2 Qg5 26. f3 Bg6 27. Qf2 Re7 (27... c5 28. Rd5 $18) 28. Re1
b4 29. Kh1 Qa5 30. e4 h5 31. Rde2 (31. Rde2 b6 32. f4 $18) 1-0

[Event "Candidates (Women) final"]
[Site "St Petersburg"]
[Date "1995.??.??"]
[Round "4"]
[White "Chiburdanidze, Maia"]
[Black "Polgar, Zsuzsa"]
[Result "0-1"]
[WhiteElo "2520"]
[BlackElo "2545"]
[Annotator "Knaak,R"]
[PlyCount "64"]
[EventDate "1995.03.??"]
[EventType "match"]
[EventRounds "7"]
[EventCountry "RUS"]
[Source "ChessBase"]
[SourceDate "1995.06.01"]

1. d4 {Ftacnik  Dautov} Nf6 2. Nf3 g6 3. c4 Bg7 4. g3 O-O 5. Bg2 d6 6. O-O Nbd7
7. Nc3 e5 8. e4 a6 9. Re1 (9. Qc2 {Dautov}) (9. d5 {Dautov}) (9. Rb1 {Dautov}
b5 10. cxb5 axb5 11. b4 Bb7 12. Qc2 Re8 $10 {Chiburdanidze-Polgar,Zsu / (06)
St.Petersburg cfW /1995}) (9. h3 {Ftacnik}) 9... exd4 (9... Rb8 {Ftacnik} 10.
dxe5 dxe5 11. b4 c6 12. h3 Qe7 13. Qb3 b5 14. c5 $14 {Chiburdanidze,M-Sokolov,
I/Biel/1988/}) 10. Nxd4 Ng4 $5 {Ein noch nicht allzu häufig gespielter Zug.
Fraglich, ob die Exweltmeisterin damit vertraut war.} 11. Rf1 $6 {Das kann
nicht die Lösung des Problems sein.} (11. h3 Qf6 $1 12. Nf3 (12. Nf5 {Dautov}
Nxf2 13. Kxf2 Nb6 $1 14. Bf4 gxf5 15. e5 Qd8 $1 16. exd6 cxd6 17. Bxd6 Nxc4 $1
18. Bxf8 Qxf8 $44 {|^  Obukhov,A-Pugachev/URS/1990}) (12. Qxg4 Qxd4 $10) (12.
Nf5 $5 {Ftacnik}) 12... Nge5 13. Nxe5 Nxe5 14. Qe2 Be6 15. Nd5 Qd8 16. f4 Nd7
$10) (11. f3 {Dautov} Nge5 12. b3 c5 13. Nde2 b5 14. cxb5 axb5 15. Be3 b4 16.
Na4 Nc4 17. bxc4 Bxa1 $15 {Baburin,A-Robovic,S/Liechtenstein op 1993}) (11.
Qxg4 {Ftacnik} Bxd4 12. Bh6 Re8 13. Rad1 Ne5 14. Qf4 Bxc3 15. bxc3 Nxc4 16. Bg5
Qd7 17. Bf6 $44) 11... Nge5 12. b3 Nc5 13. h3 $6 {Schlecht aber konsequent,
denn die Weiße kann die Tempoverluste nur rechtfertigen, wenn sie ihrerseits
Tempos gewinnt, hier mit f2-f4. Sofort scheitert dies an 13...Bg4, der Textzug
soll dies verhindern.} (13. f4 $2 Bg4 14. Qd2 Ned3 15. Qe3 Qf6 16. e5 dxe5 17.
Nd5 Qd6 18. fxe5 Bxe5 $17) (13. a4 Nxc4 $2 (13... Nc6 {Dautov} 14. Nxc6 bxc6
15. Bb2 Rb8 $15) 14. bxc4 Bxd4 15. Qxd4 Nb3 16. Qd1 Nxa1 17. Bh6 Re8 18. Qxa1
$18) (13. f3 $15) (13. Rb1 $5 {Dautov} b5 14. cxb5 axb5 15. Ndxb5 Ba6 16. Be3 (
16. f4 c6 17. fxe5 cxb5 $10) (16. b4 Ne6 17. f4 c6 18. fxe5 cxb5 $10) 16... c6
17. Nxd6 (17. Qxd6 $2 Qxd6 18. Nxd6 Bxf1 19. Rxf1 Ned3 20. Bxc5 Nxc5 $15) 17...
Bxf1 18. Bxf1 Ncd3 19. Bxd3 Qxd6 20. Be2 Qb4 $10) 13... b5 $1 14. cxb5 axb5 15.
f4 (15. Ndxb5 Ba6 $1 {Weiß kann nicht alle Diagonalen und Linien gleichzeitig
absichern.} (15... Ned3 16. Be3 Ba6 17. Rb1 c6 18. Nd4 Nb4 19. Re1 Ncd3 20. Re2
{Fritz}) 16. b4 (16. Be3 Qb8 17. a4 c6 18. f4 Ned7 $17) 16... Ne6 17. f4 c6 18.
fxe5 Bxb5 19. Nxb5 cxb5 $17) (15. Be3 $5 {Dautov} b4 16. Nce2 (16. Nd5 $2 Ba6
17. Re1 Ncd3 18. Re2 c5 19. Nc2 Nb2 $19) 16... Bb7 17. Qc2 Ncd3 18. Rad1 c5 $36
) 15... Ned3 16. Be3 (16. Ncxb5 c6 17. Nxc6 (17. e5 cxb5 18. Bxa8 Bxh3 19. Bg2
Bxg2 20. Kxg2 dxe5 $19) 17... Qb6 18. Nbd4 Nxb3 $13) 16... b4 17. Nd5 (17. Nce2
{Dautov} Bb7 {><e4} 18. g4 Re8 19. Ng3 Qe7 20. Qc2 Nxe4 21. Ngf5 gxf5 22. Nxf5
Qf6 23. Nxg7 Qxg7 24. Qxd3 Ba6 $17) (17. Nc6 {Ftacnik} Qd7 18. Nd5 Re8 (18...
Bb7 $5 19. Nce7+ Kh8 20. f5 $132)) 17... Bb7 {Weiß hat nun keinen Bauern mehr,
aber dennoch große Problem, vor allem mit den Be4 und a2 sowie der Diagonalen
a1-h8.} 18. f5 (18. Qd2 Re8 (18... Bxd5 {Ftacnik} 19. exd5 Re8 $15) 19. Nxb4
Nxb4 20. Qxb4 Bxe4 {ist die weiße Stellung ebenfalls kaum zu halten.} (20...
Bxe4 {Dautov} 21. Qd2 Bxg2 22. Kxg2 Ne4 $17)) 18... Bxd5 19. exd5 Qe7 (19...
Re8 {Ftacnik} 20. Nc6 Qd7 21. Bd4 $13) 20. Qd2 Rfe8 21. Bf2 (21. Rf3 Qe4 (21...
Qxe3+ {Dautov} 22. Rxe3 Bxd4 23. Rae1 Rxe3 24. Rxe3 Re8 $19) (21... Qxe3+ $1
$19 {Ftacnik}) 22. f6 Bxf6 23. Rxf6 Qxe3+ $19) 21... Nxf2 22. Rxf2 (22. Qxf2 $2
{Ftacnik} Nd3 $19) 22... Nxb3 $1 23. Nxb3 Bxa1 24. Nxa1 Qe1+ 25. Kh2 (25. Qxe1
Rxe1+ 26. Rf1 Rxf1+ $1 (26... Re2 27. fxg6 hxg6 28. Bf3 Rexa2 (28... Rb2 29.
Nb3 Raxa2 30. Nd4 $15) 29. Nb3) 27. Bxf1 Rxa2 28. Nb3 Kg7 {Schwarz stellt den
König nach e5 und gewinn dann leicht.} (28... Rc2 {Dautov} 29. fxg6 (29. Bb5 {
Ftacnik} Rc3 30. Ba4 Rxg3+ $19) 29... hxg6 30. g4 Rc3 31. Nd2 b3 32. Kf2 b2 33.
Nb1 Rc5 34. Bg2 Rc2+ 35. Kg3 Re2 $19 {/\Re1})) 25... Qxa1 26. f6 Kh8 27. Qh6
Rg8 28. Rf4 {droht immerhin 29.Qxh7+ Kxh7 30.Rh4 matt.} g5 (28... Qc1 $5 {
Ftacnik} 29. Qxh7+ $140 Kxh7 30. Rh4+ Qh6 $19) 29. Rxb4 Rg6 30. Qh5 Qxa2 31.
Qf3 Qa1 32. Rb7 Rxf6 0-1

[Event "Candidates (Women) final"]
[Site "St Petersburg"]
[Date "1995.??.??"]
[Round "6"]
[White "Chiburdanidze, Maia"]
[Black "Polgar, Zsuzsa"]
[Result "0-1"]
[WhiteElo "2520"]
[BlackElo "2545"]
[Annotator "Polgar,Zsu"]
[PlyCount "84"]
[EventDate "1995.03.??"]
[EventType "match"]
[EventRounds "7"]
[EventCountry "RUS"]
[Source "ChessBase"]
[SourceDate "1995.06.01"]

1. d4 {Ftacnik} Nf6 2. Nf3 g6 3. c4 Bg7 4. g3 O-O 5. Bg2 d6 6. O-O Nbd7 7. Nc3
e5 8. e4 a6 9. Rb1 (9. Re1 $6 exd4 10. Nxd4 Ng4 11. Rf1 Nge5 {N} 12. b3 Nc5 13.
h3 b5 $1 14. cxb5 axb5 15. f4 Ned3 16. Be3 b4 17. Nd5 Bb7 $17 {Chiburdanidze,
M-Polgar,Zsu (04)/St.Petersburg cfW 1995/0-1 (32)}) 9... b5 10. cxb5 axb5 11.
b4 Bb7 (11... c6 $5) 12. Qc2 Re8 13. Rd1 Qe7 14. dxe5 (14. d5 c6 $132) 14...
dxe5 15. Be3 Ra3 (15... c6) 16. Nd2 Ng4 $2 (16... c6 17. Bh3 Bc8) 17. Nxb5 (17.
Qc1 {Ftacnik}) 17... Rxe3 $5 (17... Nxe3 18. fxe3 Rxe3 19. Qxc7 $16) 18. fxe3
$2 (18. Nc4 $3 Ba6 (18... Bh6 {Ftacnik} 19. Nxe3 Bxe3 20. fxe3 Nxe3 21. Qxc7
Nxd1 22. Rxd1 $16) 19. Nxc7 $18 (19. Nxc7 Bxc4 20. Nxe8 Qxe8 21. Qxc4 $16))
18... c6 $1 (18... Nxe3 19. Qxc7 Nxd1 20. Qxb7 $16 (20. Rxd1 $16 {Ftacnik}))
19. Na7 $6 (19. Nc3 Nxe3 20. Qd3 (20. Qb3 {Ftacnik} Nxd1 21. Rxd1 $10) 20...
Nxd1 21. Nxd1 $17) (19. Qd3 {Ftacnik} Ba6 20. Nb3 Ndf6 21. a4 Bh6 $40) 19...
Nxe3 20. Qa4 $6 (20. Qc3 Nxd1 21. Rxd1 Qe6 $15) 20... Nxd1 21. Rxd1 Qe6 $1 (
21... Ra8 22. Nc4 $1 (22. Nxc6 $2 Qd6 23. Na5 Qd4+ 24. Kh1 Nc5 25. Qb5 Nxe4 $1
(25... Nd3 $2 26. Rf1 Nf2+ 27. Rxf2 Qxf2 28. Qxb7) 26. Rf1 Nd6 $19)) 22. Bf1
Ra8 23. Nc4 (23. Bc4 $2 Nb6 $19 (23... Nb6 {Ftacnik} 24. Bxe6 Nxa4 $19)) 23...
Bf8 24. Qa5 {/\ Nb6} (24. a3 {Ftacnik} Nc5 $1 25. Qa5 (25. bxc5 Bxc5+ $19)
25... Nxe4) 24... Qg4 (24... Bxb4 {Ftacnik} 25. Qxb4 Rxa7 26. Rd6 $132) 25. Re1
(25. Rd3 {Ftacnik} c5 $40) 25... c5 $1 26. b5 Bxe4 27. Qc7 (27. Ne3 {Ftacnik}
Qe6 $17) 27... Bf3 28. Kf2 (28. b6 Qd4+ 29. Ne3 (29. Re3 {Ftacnik} Bh6 $19)
29... Bh6 $19) (28. Nxe5 $2 {Ftacnik} Qd4+) 28... Bd5 $1 29. Ne3 (29. Nxe5 $2 {
Ftacnik} Qd4+ 30. Re3 Nxe5 $19) 29... Qf3+ 30. Kg1 Qh1+ 31. Kf2 Qf3+ 32. Kg1
Qh1+ 33. Kf2 Qxh2+ 34. Bg2 Bxg2 35. Ng4 (35. Nxg2 c4 $19) 35... Qh3 36. Qxd7 c4
$1 {/\ Bc5} 37. Rxe5 (37. Nf6+ {Ftacnik} Kg7 38. Qxh3 Bxh3 $19) 37... Qh1 38.
b6 (38. Re1 Bc5+ 39. Ne3 Bxe3+ 40. Rxe3 Qf1#) (38. Nf6+ {Ftacnik} Kh8 39. Qxf7
Qf1+ 40. Ke3 Qf3+ 41. Kd2 Bb4+ 42. Kc1 Qc3+ $19) 38... Qf1+ 39. Ke3 c3 40. Re8
(40. Qc7 {Ftacnik} Qe1+ 41. Kf4 Qd2+ 42. Re3 Bd6+ $19) 40... Qf3+ (40... Rxe8+)
(40... c2) 41. Kd4 Rxe8 (41... c2) (41... Qd1+ 42. Kxc3 Qxd7 43. Nf6+ Kg7 44.
Nxd7 Rxe8 $19) 42. Qxe8 Qxg4+ (42... Qxg4+ 43. Kxc3 Qb4+ $19) 0-1

[Event "Candidates (Women) final"]
[Site "St Petersburg"]
[Date "1995.??.??"]
[Round "7"]
[White "Polgar, Zsuzsa"]
[Black "Chiburdanidze, Maia"]
[Result "1-0"]
[WhiteElo "2545"]
[BlackElo "2520"]
[Annotator "Polgar,Zsu"]
[PlyCount "89"]
[EventDate "1995.03.??"]
[EventType "match"]
[EventRounds "7"]
[EventCountry "RUS"]
[Source "ChessBase"]
[SourceDate "1995.06.01"]

1. d4 {Ftacnik} Nf6 2. c4 g6 3. Nc3 Bg7 4. e4 d6 5. f4 O-O 6. Nf3 Na6 7. Bd3 (
7. Be2 {Chiburdanidze,M-Xie Jun/m12/Manila 1991}) 7... Bg4 (7... e5 8. fxe5
dxe5 9. d5 $14) 8. O-O Nd7 (8... e5 {Ftacnik} 9. fxe5 Nd7 (9... dxe5 10. d5 c6
(10... Qe7 11. h3 Bd7 12. Bg5 Nb4 13. a3 Nxd3 14. Qxd3 a5 15. Rf2 h6 16. Be3 b6
17. c5 bxc5 18. Qc4 Ne8 19. Bxc5 Nd6 20. Qf1 a4 21. Nb5 Ra5 22. Bxd6 cxd6 23.
Nc3 f5 24. Nd2 {Weglarz,Leszek-Kempinski,Robert/Gdansk ch-PL (10)/1994/0-1 (36)
}) 11. Be3 cxd5 12. cxd5 Bxf3 13. Qxf3 Ne8 14. Nb5 f6 15. Rac1 Nb8 16. Bc5 Rf7
17. d6 Bh6 18. Bc4 Bxc1 19. Qb3 Na6 20. Bxf7+ Kg7 21. Rxc1 Nxc5 22. Rxc5 Qb6 {
Irzhanov,R-Doornbos,Y/Bratislava WchJM-U18 (04)/1993/1-0 (23)}) 10. h3 (10. Be2
Bxf3 11. gxf3 c5 12. exd6 cxd4 13. Nd5 Nac5 14. Kh1 b6 15. Bf4 d3 16. Bxd3 Bxb2
17. Bh6 Re8 18. Ne7+ Kh8 19. f4 Nf6 20. e5 Nxd3 21. Qxd3 Bxa1 22. Bg5 Ng4 23.
Nxg6+ fxg6 24. Bxd8 {Bloh,M-Ivanov,V/Moscow-ch/1992/1-0 (40)}) 10... Bxf3 11.
Qxf3 c5 12. Nd5 dxe5 13. dxc5 Naxc5 14. Bd2 Rc8 15. Bb4 Kh8 16. Rad1 f6 17. Bc2
{Gretarsson,HA-Movsesian,S/Bratislava WchJM-U16 (10)/1993/0.5 (17)}) 9. Be3 (9.
d5 {Ftacnik} c6 10. Be3 Nac5 11. Bc2 Qb6 12. Rb1 Qb4 13. Bb3 Nxb3 14. Qxb3 a5
15. Kh1 Bxf3 16. gxf3 c5 17. Nb5 Qxb3 18. axb3 a4 19. bxa4 Rxa4 20. b3 Ra2 21.
Rf2 Rxf2 22. Bxf2 Ra8 23. b4 b6 24. bxc5 {Kahn,E-Panzer,P/Budapest ExpFS FebIM/
1993/0-1 (40)}) 9... e5 10. fxe5 c5 $1 (10... dxe5 {Ftacnik} 11. d5) 11. d5 (
11. dxc5 $2 dxe5 $15 (11... dxc5 {Ftacnik})) (11. exd6 $2 {Ftacnik} cxd4 $19)
11... Nxe5 12. Be2 Nxf3+ (12... Bxf3 13. gxf3 $1 f5 14. f4 Nf7 15. exf5 gxf5
16. Kh1 $14) (12... Bd7 {Ftacnik} 13. Qd2 Nc7 14. Bg5 Qe8 15. Kh1 a6 16. a4 b6
17. Qe1 f6 18. Bd2 Nf7 19. Bd3 b5 20. b3 b4 21. Ne2 Qe7 22. Qg3 Rae8 23. Rae1
Ne5 24. Bc2 {Arkhipov,S-Belov,I/Moscow-B/1987/0.5 (48)}) 13. Bxf3 Bxf3 14. Qxf3
Qe7 (14... Nb8 {/\ Nd7-e5} 15. Bf4 $1 $16) 15. Bf4 Nc7 (15... Be5 16. Bxe5 Qxe5
17. Qf6 $16) (15... f5 16. Qg3 Rad8 17. Nb5 $16) 16. Qg3 Rad8 17. Kh1 $1 (17.
Bg5 Bd4+ $1 18. Kh1 f6 $10) 17... Bd4 $1 (17... Rfe8 18. Bg5 $1 f6 19. Bf4 $16
{x Bg7}) 18. Rae1 f6 (18... Rfe8 $2 19. e5 $1 Bxe5 (19... dxe5 20. Bg5 $18) 20.
Bxe5 dxe5 21. Ne4 $18) (18... Ne8 {Ftacnik} 19. e5 $1) 19. Ne2 $1 Be5 (19...
Bxb2 20. Rb1 Be5 21. Rxb7 $16) 20. Ng1 $1 a6 $6 (20... b5 $142) 21. Nf3 Bxf4 (
21... b5 22. Nxe5 fxe5 23. Bh6 $1 $16 (23. Bg5 $2 Rxf1+ 24. Rxf1 Rf8 $10)) 22.
Qxf4 b5 23. b3 (23. cxb5 axb5) 23... Rb8 $2 (23... bxc4 24. bxc4 Rb8 25. Rb1
$14) (23... b4 {Ftacnik} 24. h4 Na8 25. h5 Nb6 $10) 24. b4 $1 cxb4 25. c5 $1
Rbd8 (25... dxc5 {Ftacnik} 26. d6 Qd7 27. dxc7 Rbc8 $14) 26. Nd4 (26. c6 $5 $36
{Ftacnik}) 26... dxc5 27. Nc6 Qd7 28. Nxd8 Qxd8 29. Rc1 $1 (29. d6 $6 Ne6 30.
Qd2 Nd4 $132) (29. Rd1 {Ftacnik} c4 30. d6 $16) 29... c4 30. d6 Ne6 31. Qd2 Qd7
$2 (31... c3 $5 32. Qd5 Qd7 33. e5 fxe5 34. Rxf8+ Kxf8 35. Rf1+ Kg8 36. Qxe5
$16) (31... a5 $1 {Ftacnik} 32. Qd5 Qd7 33. Rf2 Kg7 $13) 32. Qxb4 Ng5 33. Qc5
Re8 (33... Nxe4 $2 34. Qd5+ $18) 34. Rce1 $1 (34. Rxf6 Nxe4 35. Qd5+ Kg7) 34...
Re6 35. e5 f5 (35... fxe5 {Ftacnik} 36. Rxe5 Nf7 37. Rxe6 Qxe6 38. Rd1 $18) 36.
a4 $1 {/\ 37.axb5 axb5 38.Ra1} Nf7 37. axb5 axb5 38. Qc7 $1 Qxc7 39. dxc7 Rc6 (
39... Re8 40. e6 Nd6 41. Rd1 $18) 40. e6 Rxc7 (40... Nd6 41. Rd1) 41. e7 Nd6
42. e8=Q+ Nxe8 43. Rxe8+ Kf7 44. Rb8 c3 45. Kg1 {(1.36-2.02)} (45. Kg1 c2 46.
Rc1 $18) (45. Rxb5 $4 c2 $10) 1-0